Classifica Pallone d'Oro 2018 - Statistics

Statistiche generali
  • Questo quiz è stato fatto 76 volte
  • Il punteggio medio è 27 su 30
Statistiche sulle risposte
Punti Nazione Squadra Calciatore % Corretto
476 Portogallo Real Madrid / Juventus Cristiano Ronaldo
100%
347 Francia Paris Saint-Germain Kylian Mbappé
100%
280 Argentina Barcellona Lionel Messi
100%
753 Croazia Real Madrid Luka Modrić
100%
414 Francia Atletico Madrid Antoine Griezmann
98%
25 Inghilterra Tottenham Harry Kane
98%
6 Francia Real Madrid Karim Benzema
98%
29 Belgio Manchester City Kevin De Bruyne
98%
188 Egitto Liverpool Mohamed Salah
98%
6 Galles Real Madrid Gareth Bale
97%
17 Uruguay Barcellona Luis Suárez
97%
19 Brasile Paris Saint-Germain Neymar
97%
3 Senegal Liverpool Sadio Mané
97%
2 Brasile Roma / Liverpool Alisson
94%
2 Croazia Juventus Mario Mandžukić
94%
119 Belgio Chelsea Eden Hazard
92%
7 Argentina Manchester City Sergio Agüero
92%
4 Spagna Real Madrid Sergio Ramos
91%
3 Uruguay Paris Saint-Germain Edinson Cavani
89%
4 Brasile Liverpool Roberto Firmino
89%
2 Slovenia Atletico Madrid Jan Oblak
88%
4 Svizzera / Croazia Barcellona Ivan Rakitić
86%
24 Francia Chelsea N'Golo Kanté
85%
9 Francia Manchester United Paul Pogba
85%
121 Francia Real Madrid Raphaël Varane
85%
3 Brasile Real Madrid Marcelo
82%
0 Francia Tottenham Hugo Lloris
79%
1 Uruguay Atletico Madrid Diego Godin
73%
0 Spagna Real Madrid Isco
64%
12 Francia Chelsea / Real Madrid Thibaut Courtois
47%
Nessun quiz corrispondente trovato
Distribuzione punteggi
Percentuale di utenti per punteggio
Percentile per numero di risposta
I tuoi punteggi nel tempo
Non hai fatto questo quiz